Exploring corporate strategy

Αποθηκεύτηκε σε:
Λεπτομέρειες βιβλιογραφικής εγγραφής
Κύριος συγγραφέας: Johnson, Gerry
Άλλοι συγγραφείς: Scholes, Kevan
Μορφή: Βιβλίο
Γλώσσα:English
Δημοσίευση: London ; : New York : Prentice Hall Europe, c1999
Έκδοση:5th ed.
Θέματα:
Ετικέτες: Προσθήκη ετικέτας
Δεν υπάρχουν, Καταχωρήστε ετικέτα πρώτοι!

MARC

LEADER 00000nam a2200000 i 4500
001 1/16229
008 010124s1999 eng d
020 |a 0-13-080740-0 
035 |l 10065701 
040 |a GR-MY-UA  |b gre  |e aacr 
041 0 |a eng 
082 0 |a 658.4012 
100 1 |a Johnson, Gerry. 
245 1 0 |a Exploring corporate strategy /  |c Gerry Johnson, Kevan Scholes 
250 |a 5th ed. 
260 |a London ; :   |a New York :   |b Prentice Hall Europe,   |c c1999 
300 |a xxvi, 972 p.;  |b ill., map.;  |c 25 cm. 
504 |a Includes bibliographical references and index 
650 0 0 |a Business planning. 
650 0 0 |a Strategic planning. 
700 1 |a Scholes, Kevan. 
852 |a INST  |b SAMOS  |e 20010124  |h 658.4012 JOH  |p 005300022261  |q 005300022261  |t BK  |y 0 
852 |a INST  |b SAMOS  |e 20010124  |h 658.4012 JOH  |p 005300022262  |q 005300022262  |t BK  |y 0 
852 |a INST  |b SAMOS  |e 20010124  |h 658.4012 JOH  |p 005300022263  |q 005300022263  |t BK  |y 0 
901 |a BIBL3-2001-1 
909 |a Σ  |b 081669 
909 |a Σ  |b 081670 
909 |a Σ  |b 081671 
922 |a 3ΕΛΗ  |b 200008  |c ΤΠΕΣ/ΠΟΛ2  |d LEADER 
970 |a ΠΟΥΡΝΑΡΑΣ  |b ΔΗΜΗΤΡΗΣ  |z 2001/01/24